MARC

LEADER 00000nam0a2200000 4500
001 138650
005 20240808152548.0
035 |a (RuTPU)RU\TPU\book\150228 
090 |a 138650 
100 |a 20080528d1981 m y0rusy50 ca 
101 0 |a rus 
102 |a RU 
105 |a y z 000ay 
200 1 |a Пейзаж с парусом  |e повести  |f В. Н. Жуков 
210 |a Москва  |c Молодая гвардия  |d 1981 
215 |a 287 с. 
606 1 |a Русская литература современная  |9 50316 
610 1 |a советская литература 
610 1 |a повести 
675 |a Р2  |v 4 
700 1 |a Жуков  |b В. Н.  |g Владимир Николаевич 
801 1 |a RU  |b 63413507  |c 20080528  |g PSBO 
942 |c BK